000 01275 a2200205 4500
001 62267
005 20260407155916.0
008 260407a1960 arg spa d
003 AR-UNSa-BCEJYS
040 _aAR-UNSa-BCEJYS
_bspa
_cAR-UNSa-BCEJYS
080 _a35.08
_xPersonal administrativo. Funcionarios. plantilla. función pública. Teoría, organización
245 1 0 _aLa función pública
_pCaracteres jurídicos y políticos. La moralidad administrativa
264 1 _aBuenos Aires :
_bRoque Depalma Editor
_c1960
300 _a249 p.
_c24 cm.
505 _a 1. El empleo público, situación de inferioridad en la protección legal del funcionario público respecto al empleado privado - 2. La moral política y administrativa en la función pública – 3. La jerarquía administrativa y los factores que la informan – 4. El estatuto del funcionario público – 5. Principios generales de derecho público – 6. Examen critico de un estatuto de funcionario público – 7. El estatuto de funcionarios públicos – 8. El enriquecimiento ilícito de los funcionarios públicos – 9. Sobre gestiones patrimoniales ilícitas de los funcionarios públicos.
041 _aspa
942 _cBK
590 _aniveau_biblio:m niveau_hierar:0
100 1 _aBielsa, Rafael
999 _c7630
_d7630